El mensajero de agartha 3: (Registro nro. 60043)
[ vista simple ]
| 000 -LDR (LÍDER) | |
|---|---|
| fixed length control field | 01152aam a2200313 i 4500 |
| 008 - FIXED-LENGTH DATA ELEMENTS--GENERAL INFORMATION | |
| fixed length control field | 150803s2024 ck a gr 000 1dspa d |
| 020 ## - ISBN | |
| ISBN | 9786287579576 |
| 040 ## - FUENTE DE CATALOGACIÓN | |
| Agencia catalogadora original | CO-BoUNC |
| Idioma de la agencia catalogadora | spa |
| Norma para la descripción | rda |
| Agencia que transcribe | CO-BoUNC |
| 082 04 - Clasificación Dewey | |
| Clasificación Dewey | Co863.861 |
| Clave de autor | M539e |
| Edition number | 23 |
| 084 ## - Clasificación facetada | |
| Número de clasificación | N MEN1e |
| 100 1# - Autor | |
| Nombre | Mendoza, Mario |
| Fechas asociadas al nombre | 1964- |
| Termino relación | autor |
| 9 (RLIN) | 65101 |
| 245 10 - Título | |
| Título | El mensajero de agartha 3: |
| Subtítulo | Mi extraño viaje al mundo de Shambala / |
| Mención de responsabilidad | Mario Mendoza ; ilustraciones, Book and play studio. |
| 250 ## - Edición | |
| Edición | Primera edición |
| 264 #1 - Pie de imprenta | |
| Ciudad de publicación | Bogotá : |
| Editorial | Editorial Planeta Colombiana |
| -- | Destino, |
| Año | 2024. |
| 300 ## - Descripción física | |
| Extensión | 189 páginas : |
| Otros detalles físicos | ilustraciones ; |
| Dimensiones | 21 cm. |
| 336 ## - Tipo de Contenido | |
| Tipo de contenido | texto |
| Código de tipo de contenido | txt |
| Fuente | rdacontenido |
| 337 ## - Tipo de Medio | |
| Tipo de Medio | no mediado |
| Código de tipo de medio | n |
| Fuente | rdamedio |
| 338 ## - Tipo de soporte | |
| Tipo de soporte | volumen |
| Código de tipo de soporte | nc |
| Fuente | rda soporte |
| 490 1# - Serie | |
| Serie | El mensajero de Agartha |
| Volumen | 3 |
| 500 ## - Nota | |
| Notas | Incluye datos biográficos del autor en la solapa del libro |
| 650 17 - Asiento secundario de materia - término temático | |
| Encabezamiento temático | Novela colombiana |
| Subdivisión cronológica | Siglo XXI |
| Fuente del encabezado o término | LEMB |
| 650 17 - Asiento secundario de materia - término temático | |
| Encabezamiento temático | Literatura colombiana |
| Subdivisión cronológica | Siglo XXI |
| Fuente del encabezado o término | LEMB |
| 650 17 - Asiento secundario de materia - término temático | |
| Encabezamiento temático | Fantasía |
| Fuente del encabezado o término | LEMB |
| 650 17 - Asiento secundario de materia - término temático | |
| Encabezamiento temático | Ficción literatura |
| Fuente del encabezado o término | LEMB |
| 710 2# - ASIENTO SECUNDARIO - NOMBRE CORPORATIVO | |
| Nombre de entidad | Book and play studio |
| 942 ## - Información adicional | |
| Tipo de material | LIbro |
| 650 17 - Asiento secundario de materia - término temático | |
| -- | 1602 |
| 650 17 - Asiento secundario de materia - término temático | |
| -- | 65 |
| 650 17 - Asiento secundario de materia - término temático | |
| -- | 12208 |
| 650 17 - Asiento secundario de materia - término temático | |
| -- | 67620 |
| 710 2# - ASIENTO SECUNDARIO - NOMBRE CORPORATIVO | |
| -- | 67621 |
| Estado de pérdida | Fuente del sistema de clasificación o colocación | Estado de daño | Koha normalized classification for sorting | Not for loan | Biblioteca | Biblioteca actual | Localización | Fecha de adquisición | Koha issues (times borrowed) | Signatura topográfica | Código de barras | Koha date last seen | Price effective from | Tipo de ítem | Colección | Ejemplar |
|---|---|---|---|---|---|---|---|---|---|---|---|---|---|---|---|---|
| Dewey Decimal Classification | N_MEN1E | Biblioteca Pública Dorado | Biblioteca Pública Dorado | Literatura | 02/17/2026 | N MEN1e | DOR03275 | 02/17/2026 | 02/17/2026 | LIbro | Literatura General | |||||
| Dewey Decimal Classification | CO_863_861000000000000_M539E | Biblioteca Pública José Eustasio Rivera - San Martin | Biblioteca Pública José Eustasio Rivera - San Martin | General | 03/11/2026 | Co863.861 M539e | SM04487 | 03/11/2026 | 03/11/2026 | LIbro | Colección General | |||||
| Dewey Decimal Classification | CO_863_861000000000000_M539E | Biblioteca Pública José Eustasio Rivera - San Martin | Biblioteca Pública José Eustasio Rivera - San Martin | General | 03/11/2026 | Co863.861 M539e | SM04488 | 03/11/2026 | 03/11/2026 | LIbro | Colección General | |||||
| Dewey Decimal Classification | CO_863_861000000000000_M539E | Biblioteca Pública Puerto López - Jorge Eliecer Gaitán | Biblioteca Pública Puerto López - Jorge Eliecer Gaitán | General | 02/11/2026 | Co863.861 M539e | PLZ01994 | 02/11/2026 | 02/11/2026 | LIbro | Colección General | |||||
| Dewey Decimal Classification | CO_863_861000000000000_M539E | Biblioteca Pública Departamental Eduardo Carranza - Villavicencio | Biblioteca Pública Departamental Eduardo Carranza - Villavicencio | Literatura | 12/02/2025 | Co863.861 M539e | eca28793 | 12/02/2025 | 12/02/2025 | LIbro | ||||||
| Dewey Decimal Classification | CO_863_861000000000000_M539E | Biblioteca Pública Germán Arciniegas - Villavicencio | Biblioteca Pública Germán Arciniegas - Villavicencio | General | 02/25/2026 | Co863.861 M539e | 33536 | 02/25/2026 | 02/25/2026 | LIbro | Sala General Segundo Piso | Ej.3 | ||||
| Dewey Decimal Classification | N_MEN1 | Biblioteca Pública Guamal | Biblioteca Pública Guamal | Literatura | 03/17/2026 | N MEN1 | GUA005083 | 03/17/2026 | 03/17/2026 | Libro Literatura | Colección General | |||||
| Dewey Decimal Classification | CO_863_861000000000000_M539E | Biblioteca Pública Mapiripan | Biblioteca Pública Mapiripan | Literatura | 04/13/2026 | Co863.861 M539e | MAP00004685 | 04/13/2026 | 04/13/2026 | LIbro | Literatura General | |||||
| Clasificación Local Facetada | N M E N1 | Biblioteca Pública San Juanito - Ernesto Maria Peña Romero | Biblioteca Pública San Juanito - Ernesto Maria Peña Romero | Literatura | 02/25/2026 | N MEN1 | SJU02811 | 02/25/2026 | 02/25/2026 | Libro Literatura | Literatura General |